000 04103nam a2200445 a 4500
001 dia_862
003 CHAP
005 20260203180922.0
007 ta
008 220117s1976 mx d frm 001 0 spa d
010 _a171411
040 _cCHAP
_amxchpua
_erda
041 0 _aspa
_bspa
090 _aTesis
_bV37
_c1976
100 1 _aVarela López, Francisco Javier
245 1 3 _aEstudio para el establecimiento de una planta productora de piloncillo /
_cJosé R. Castresana Hernández, Juan E. Hernández Silva, Jorge Paredes Blancas, Raymundo Rubio Villegas, J. Rafael Torres Olguín y Francisco Javier Varela López
264 _aMéxico :
_bEl autor,
_c1976
300 _a185 hojas :
_bgráficas, diagramas
336 _2rdacontent
_atexto
_btxt
337 _2rdamedia
_ano mediado
_bn
338 _2rdacarrier
_avolumen
_bnc
502 _aTesis
_b(Licenciado en Administración) --
_cUNAM. Facultad de Contaduría y Administración,
_d1976
504 _aBibliografía: hojas 183-185
520 _aEl desarrollo económico es hoy día uno de los problemas más complejos y urgentes que presenta nuestro país, la constante emigración del medio rural hacia las ciudades industriales y comerciales, así como, el elevado incremento demográfico, el cual es del 3.5 % (l) anual, son fenómenos que plantean la urgente necesidad de descentralizar la población y de producir cada vez mayor cantidad de bienes y servicios que permitan satisfacer la creciente demanda de la población. Para lo cual es necesario que se establezcan políticas que tiendan a descentralizar tanto la industria como la educación, así como también, a racionalizar los recursos disponibles, a través de las técnicas de la coordinación, con el objeto de mejorar el nivel de vida económico y social de los habitantes, mediante el incremento en la producción y el reparto equitativo del ingreso. La población urbana crece a razón del 5.4 % (2)anual, como consecuencia de la emigración del campo y la elevada tasa de incremento natural, observándose un incremento mayor en aquellas ciudades que se caracterizan principalmente por un elevado desarrollo industrial y comercial, el cual fluctúa entre el 7 y 14 °/o anual, esta sobrepoblación provoca entre otros, el problema de marginalidad urbana y los cinturones de miseria, originándose dichos fenómenos por la insuficiencia que presenta la economía urbana para observar el movimiento rural urbano. La población rural emigra hacia las grandes ciudades en busca de medios que le proporcionen un mejor nivel de vida, sumándose por lo tanto, a la población ya existente que está en edad de trabajar pero que carece de calificación técnica, aumentando así el subempleo, además de contribuir a que los salarios se mantengan bajos debido al exceso de mano de obra. Por lo que es importante, atender con prioridad los problemas que originan la emigración, proporcionando los medios que permitan ayudar a arraigar al campesino a su tierra natal, mediante el mejoramiento de su nivel de vida económico y social. El grupo que elabora el presente estudio, tiene como meta determinar la factibilidad de realizar un proyecto para la industrialización de productos agrícolas en una comunidad campesina del Estado de Michoacán.
650 1 3 _aPanela
_2atg
650 1 3 _aIndustria azucarera
_xIniciativa empresarial
_zMéxico
_zMichoacán
_2atg
650 1 3 _aJaggery
_2atg
650 1 3 _aSugar industry
_zMexico
_zMichoacán
_xEntrepreneurship
_2atg
700 1 _aCastresana Hernández, José R.
_eautor
700 1 _aHernández Silva, Juan E.
_eautor
700 1 _aParedes Blancas, Jorge
_eautor
700 1 _aRubio Villegas, Raymundo
_eautor
700 1 _aTorres Olguín, J. Rafael
_eautor
700 1 _aRodríguez Morales, Marco Antonio
_edirector
856 4 2 _uhttps://tesiunamdocumentos.dgb.unam.mx/pmig2020/0176987/Index.html
_yDISPONIBLE EN TESIUNAM
901 _aTESIS V37 1976
902 _aM
905 _a0000001976 mx 0000000000spa00
942 _cTESIS
_2Clasificación Universidad Autónoma Chapingo
999 _c171411
_d171411